000 00716nam a2200289Ia 4500
005 20260324122829.0
008 008 260324s9999 xx 000 0 eng d
020 _a9781315833439
037 _aEBOOK
040 _aCRL
040 _beng
040 _cCRL
041 _2eng
041 _aeng
084 _qCRL
100 _aBarbara Reid; Raymond Taylor; Malcolm Hill; Andrew Lockyer; Sir George Head
_91167983
245 0 _aChildren's Services
245 0 _bWorking Together
260 _bTaylor and Francis
260 _c2012
365 _a
365 _b280
856 _uhttp://www.taylorfrancis.com/books/9781315833439
942 _cEBOOK
999 _c1761015
_d1761015